<?xml version="1.0" encoding="UTF-8"?><?xml-stylesheet type="text/xsl" href="static/style.xsl"?><OAI-PMH xmlns="http://www.openarchives.org/OAI/2.0/" xmlns:xsi="http://www.w3.org/2001/XMLSchema-instance" xsi:schemaLocation="http://www.openarchives.org/OAI/2.0/ http://www.openarchives.org/OAI/2.0/OAI-PMH.xsd"><responseDate>2026-06-02T19:38:12Z</responseDate><request verb="GetRecord" identifier="oai:riuma.uma.es:10630/35027" metadataPrefix="marc">https://riuma.uma.es/rest/oai/request</request><GetRecord><record><header><identifier>oai:riuma.uma.es:10630/35027</identifier><datestamp>2026-02-03T11:38:08Z</datestamp><setSpec>com_10630_2254</setSpec><setSpec>col_10630_37956</setSpec></header><metadata><record xmlns="http://www.loc.gov/MARC21/slim" xmlns:dcterms="http://purl.org/dc/terms/" xmlns:doc="http://www.lyncode.com/xoai" xmlns:xsi="http://www.w3.org/2001/XMLSchema-instance" xsi:schemaLocation="http://www.loc.gov/MARC21/slim http://www.loc.gov/standards/marcxml/schema/MARC21slim.xsd">
   <leader>00925njm 22002777a 4500</leader>
   <datafield ind2=" " ind1=" " tag="042">
      <subfield code="a">dc</subfield>
   </datafield>
   <datafield ind2=" " ind1=" " tag="720">
      <subfield code="a">Díaz Bucero, Jesús</subfield>
      <subfield code="e">author</subfield>
   </datafield>
   <datafield ind2=" " ind1=" " tag="720">
      <subfield code="a">Sánchez-Pérez, María Dolores</subfield>
      <subfield code="e">author</subfield>
   </datafield>
   <datafield ind2=" " ind1=" " tag="260">
      <subfield code="c">2021</subfield>
   </datafield>
   <datafield ind2=" " ind1=" " tag="520">
      <subfield code="a">Sombra comienzo es un cuadro de José Guerrero. Es un título de un cuadro&#xd;
de José Guerrero. Es una unidad entre la imagen y la palabra que nos otorga&#xd;
un nuevo objeto de significación. Con Sombra comienzo hemos establecido un&#xd;
juego referencial que remite a colores, formas y emoción. Son dos palabras&#xd;
que nos vinculan a una imagen y nos anclan a ella, que poseen fuerza, poder&#xd;
de sugestión y causan atracción hacia el objeto designado. A continuación,&#xd;
intentaremos comprender cómo surgen, qué nos dicen y cuáles son sus funciones cuando se unen a aquello que nombran.</subfield>
   </datafield>
   <datafield ind1="8" ind2=" " tag="024">
      <subfield code="a">José Guerrero: Transparencias y tentativas / Carmen Rodríguez Martín (ed. lit.), 2021, ISBN 9788413692791, págs. 35-46</subfield>
   </datafield>
   <datafield ind1="8" ind2=" " tag="024">
      <subfield code="a">https://hdl.handle.net/10630/35027</subfield>
   </datafield>
   <datafield tag="653" ind2=" " ind1=" ">
      <subfield code="a">Guerrero, José - Crítica e interpretación</subfield>
   </datafield>
   <datafield tag="653" ind2=" " ind1=" ">
      <subfield code="a">Pintura contemporánea</subfield>
   </datafield>
   <datafield ind2="0" ind1="0" tag="245">
      <subfield code="a">Sombra comienzo. El título en la pintura de José Guerrero.</subfield>
   </datafield>
</record>
</metadata></record></GetRecord></OAI-PMH>